[Event "IV RC Sport Open"]
[Site "Ceska Trebova CZE"]
[Date "2008.08.09"]
[Round "3"]
[White "Valenta,V jr"]
[Black "Plischki,S"]
[Result "0-1"]
[WhiteElo "2211"]
[BlackElo "2402"]

1.e4 c5 2.Nf3 e6 3.d4 cxd4 4.Nxd4 a6 5.Nc3 Qc7 6.Be2 Nf6 7.O-O Be7 8.Bf3 d6
9.a4 O-O 10.a5 Nc6 11.Nb3 Bd7 12.g3 Rac8 13.Bg2 Ne5 14.Re1 Nc4 15.Bf1 Rfd8
16.Qe2 Be8 17.Bg2 Nd7 18.Bf1 Bf6 19.Nd1 Nf8 20.c3 Bb5 21.Qc2 d5 22.exd5 Rxd5
23.Ne3 Nxe3 24.Bxe3 Bxf1 25.Rxf1 Ng6 26.Rad1 Rxd1 27.Qxd1 Ne5 28.Bf4 Rd8
29.Bxe5 Qxe5 30.Qc2 Qd5 31.f3 h5 32.Rf2 g5 33.Kg2 g4 34.c4 Qc6 35.h3 Kg7
36.Qe2 Rc8 37.c5 Qd5 38.Qe3 Rd8 39.Rc2 Qf5 40.Rd2 Rxd2+ 41.Nxd2 gxh3+ 42.Kh2 Bxb2
43.Qb3 Be5 44.f4 Bf6 45.Qe3 Qg4 46.Ne4 h4 47.Nd6 Kf8 48.Ne4 hxg3+ 49.Qxg3 Qe2+
50.Nf2 Bd4  0-1

[Event "1st Masters"]
[Site "Chambery FRA"]
[Date "2008.08.09"]
[Round "8"]
[White "Calzetta,M"]
[Black "Horvath,Jo1"]
[Result "1/2-1/2"]
[WhiteElo "2264"]
[BlackElo "2551"]

1.e4 c5 2.Nf3 e6 3.d4 cxd4 4.Nxd4 a6 5.Nc3 b5 6.Bd3 Bb7 7.O-O Nc6 8.Nxc6 Bxc6
9.Qe2 Qb8 10.a3 Bc5 11.Be3 Bxe3 12.Qxe3 Nf6 13.Qg5 O-O 14.Rae1 d6 15.Re3 Qd8
16.Rg3 g6 17.Qh6 Kh8 18.Rh3 Rg8 19.Rd1 Rg7 20.Qd2 Ra7 21.Be2 Ne8 22.Bf3 Rd7
23.Qe3 Qb8 24.e5 Bxf3 25.Rxf3 d5 26.Rd4 Rc7 27.Rdf4 g5 28.Rg4 Rc4 29.Rxc4 bxc4
30.Nd1 g4 31.Rg3 Rg6 32.h3 gxh3 33.Rxg6 fxg6 34.gxh3 Ng7 35.Qg5 d4 36.c3 Qb6
37.cxd4 Qxd4 38.Ne3 h5 39.Qxg6 Qxb2 40.Qh6+ Kg8 41.Nxc4 Qb1+ 42.Kh2 Qe4 43.Qc1 Kh7
44.Qc3 Nf5 45.Nd6 Qf4+ 46.Kg1 Nxd6 47.exd6 Qxd6  1/2-1/2

[Event "XVII TCh-MKD"]
[Site "Struga MKD"]
[Date "2008.08.09"]
[Round "6"]
[White "Colovic,A"]
[Black "Nestorovic,L"]
[Result "1-0"]
[WhiteElo "2471"]
[BlackElo "2269"]

1.e4 c5 2.Nf3 e6 3.d4 cxd4 4.Nxd4 a6 5.Nc3 d6 6.g4 Nc6 7.Be3 Nxd4 8.Qxd4 Ne7
9.O-O-O Nc6 10.Qd2 Be7 11.g5 O-O 12.h4 b5 13.f4 Qa5 14.Kb1 b4 15.Ne2 Bb7
16.Nc1 Na7 17.Bg2 Nb5 18.Qf2 Rab8 19.Nb3 Qc7 20.h5 a5 21.Nd4 Na3+ 22.bxa3 bxa3
23.Nb3 a4 24.Rc1 Ba6 25.Qd2 d5 26.h6 Bb4 27.Qd4 Bc3 28.Qc5 axb3 29.Qxc7 bxa2+
30.Kxa2 Bc4+ 31.Kxa3 Rfc8 32.Rb1 Ra8+ 33.Qa7 d4 34.Bxd4 Bxd4 35.Qxa8 Rxa8+
36.Kb4 Be2 37.c3 Rb8+ 38.Ka4 Ra8+ 39.Kb3 Bc5 40.Ra1 Rd8 41.e5  1-0

[Event "XVII TCh-MKD"]
[Site "Struga MKD"]
[Date "2008.08.09"]
[Round "6"]
[White "Nedev,T"]
[Black "Nestorovic,De"]
[Result "1/2-1/2"]
[WhiteElo "2525"]
[BlackElo "2427"]

1.e4 c5 2.Nf3 e6 3.Nc3 a6 4.d4 cxd4 5.Nxd4 b5 6.Bd3 Qb6 7.Nb3 Qc7 8.O-O Nf6
9.Qe2 d6 10.Bd2 Nc6 11.f4 Be7 12.Rae1 b4 13.Nd1 O-O 14.Nf2 e5 15.f5 a5 16.c3 a4
17.Nc1 bxc3 18.bxc3 Bd7 19.Ng4 Na5 20.Bg5 Qd8 21.Ne3 Rc8 22.c4 Nc6 23.Qf3 Nd4
24.Qh3 Bc6 25.Ng4  1/2-1/2

[Event "12th HZ Open"]
[Site "Vlissingen NED"]
[Date "2008.08.09"]
[Round "9"]
[White "Reyniers,P"]
[Black "In 't Veld,D"]
[Result "0-1"]
[WhiteElo "2027"]
[BlackElo "2170"]

1.e4 c5 2.Nf3 e6 3.d4 cxd4 4.Nxd4 a6 5.Nc3 Qc7 6.Be2 b5 7.a3 Bb7 8.O-O Nf6
9.Bf3 d6 10.g3 Be7 11.Bg2 O-O 12.Be3 Nbd7 13.f3 Nb6 14.Nce2 Rad8 15.b3 Rc8
16.Qd2 g6 17.Qa5 Nbd7 18.Qxc7 Rxc7 19.c3 Nc5 20.Rab1 d5 21.e5 Nfd7 22.f4 Ne4
23.Bxe4 dxe4 24.a4 bxa4 25.bxa4 Bd5 26.Rfd1 Rfc8 27.Nb3 Rc4 28.a5 Ra4 29.Kf2 Ra3
30.Bc1 Ra2 31.Rd2 Ra4 32.Rd4 Nc5 33.Rxa4 Nxa4 34.Bd2 Rb8 35.Nec1 Nc5 36.Nxc5 Bxc5+  0-1

[Event "XXI Virxe Peregrina Open"]
[Site "Pontevedra ESP"]
[Date "2008.08.10"]
[Round "1"]
[White "Prol Lusquinos,J"]
[Black "Rodriguez Lopez,Ra"]
[Result "0-1"]
[WhiteElo "1792"]
[BlackElo "2312"]

1.e4 c5 2.Nf3 e6 3.d4 cxd4 4.Nxd4 a6 5.Nc3 Qc7 6.Be3 Nf6 7.f3 Bb4 8.Qd2 d5
9.Bd3 e5 10.Nb3 d4 11.Nxd4 exd4 12.Bxd4 Nc6 13.Bxf6 gxf6 14.a3 Bxc3 15.Qxc3 Qa5
16.Qxa5 Nxa5 17.b4 Nc6 18.O-O Be6 19.f4 Ke7 20.f5 Bd7 21.Bc4 Ne5 22.Bb3 Bb5
23.Rfe1 Bc4 24.Re3 Bxb3 25.Rxb3 Rac8 26.Rc1 Rc4 27.b5 a5 28.Re3 h5 29.h3 h4
30.Kf2 Rd8 31.g3  0-1

[Event "Open"]
[Site "Ptuj SLO"]
[Date "2008.08.10"]
[Round "2"]
[White "Kolar,Sr"]
[Black "Loncar,R"]
[Result "0-1"]
[WhiteElo "2139"]
[BlackElo "2446"]

1.e4 c5 2.Nf3 e6 3.d4 cxd4 4.Nxd4 a6 5.Nc3 b5 6.Bd3 Bb7 7.O-O Nc6 8.Nxc6 Bxc6
9.Re1 Ne7 10.Qh5 b4 11.Ne2 Qb6 12.c4 Ng6 13.Be3 Qb7 14.f3 Bd6 15.Rad1 Qc7
16.Bc2 O-O 17.Kh1 Be5 18.b3 Rfd8 19.Rf1 Nf4 20.Nxf4 Bxf4 21.Bxf4 Qxf4 22.Qc5 a5
23.g3 Qf6 24.Kg1 Qc3 25.Rf2 Rdc8 26.Qd6 a4 27.Qd4 Qxd4 28.Rxd4 axb3 29.axb3 Ra2
30.Rfd2 Kf8 31.Kf2 e5 32.R4d3 Rca8 33.Ke3 Ke7  0-1

[Event "IV RC Sport Open"]
[Site "Ceska Trebova CZE"]
[Date "2008.08.11"]
[Round "5"]
[White "Bejtovic,J"]
[Black "Bernasek,J"]
[Result "0-1"]
[WhiteElo "2335"]
[BlackElo "2491"]

1.e4 c5 2.Nf3 e6 3.d4 cxd4 4.Nxd4 a6 5.Nc3 Qc7 6.Be2 Bb4 7.O-O Nf6 8.Bg5 Bxc3
9.Bxf6 gxf6 10.bxc3 Qxc3 11.Rb1 Nc6 12.Nxc6 bxc6 13.Rb3 Qe5 14.f4 Qc5+ 15.Kh1 d5
16.exd5 cxd5 17.c4 dxc4 18.Rc3 Bb7 19.Rxc4 Qd5 20.Qa4+ Qd7 21.Qa3 Rg8 22.Bf3 Rd8
23.Rc3 Bxf3 24.Rcxf3 Qd6 25.Qa4+ Ke7 26.f5 e5 27.h3 Kf8 28.Ra3 Qd5 29.Rg1 Rd6
30.Qh4 Qd2 31.Rb3 Kg7 32.Rg3+ Kh8 33.Rxg8+ Kxg8 34.Rb1 Qg5 35.Rb8+ Kg7 36.Qb4 Qc1+
37.Kh2 Qd1 38.Qh4 Rd3 39.Rb6 Rd6 40.Rb8 Qd2 41.Qg4+ Qg5 42.Qe4 Qf4+ 43.Qxf4 exf4
44.Rb2 Kh6 45.Kg1 Kg5 46.Kf2 Rd3 47.Rc2 Ra3 48.Rb2 a5 49.Rc2 a4 50.Rb2 Rc3
51.Rb5 Ra3 52.Ra5 Rxa2+ 53.Kf3 Ra3+ 54.Kf2 h5 55.Ra8 h4 56.Ra5 f3 57.g3 Ra2+
58.Kxf3 Ra3+ 59.Ke4 hxg3 60.Ra8 Rb3 61.Rg8+ Kh6 62.Kf4 a3 63.Kg4 Kh7 64.Rd8 a2
65.Ra8 g2  0-1

[Event "VII Open"]
[Site "Ortigueira ESP"]
[Date "2008.08.11"]
[Round "2"]
[White "Barrenechea Bahamonde,G"]
[Black "Manolache,M"]
[Result "1-0"]
[WhiteElo "2175"]
[BlackElo "2521"]

1.e4 c5 2.Nf3 e6 3.d4 cxd4 4.Nxd4 a6 5.Nc3 Qc7 6.Qf3 Nc6 7.Nxc6 bxc6 8.Bf4 Bd6
9.Bxd6 Qxd6 10.Be2 Ne7 11.O-O O-O 12.Bd3 e5 13.Bc4 Rb8 14.Rad1 Qg6 15.Qe2 Qf6
16.Bb3 Rb4 17.Qe3 Rd4 18.Ne2 Rb4 19.c3 Rb8 20.Rd2 d5 21.f4 dxe4 22.fxe5 Qxe5
23.Rxf7 Nd5 24.Rxf8+ Kxf8 25.Qc5+ Qe7 26.Qxc6 Bb7 27.Qc4 Qg5 28.Qc5+ Ke8
29.Ba4+ Kf7 30.Rxd5 Bxd5 31.Qc7+ Kf6 32.Qd6+ Be6 33.Qxb8 Qe3+ 34.Kf1 Qd3
35.Qb6 Kf7 36.Bb3 Bxb3 37.Qxb3+ Kf6 38.Qb6+ Kf7 39.Kf2 h6 40.Qd4 Qc2 41.c4 Kg8
42.c5 Kh8 43.Qc3 e3+ 44.Kxe3 Qg6 45.Kf2 Qf5+ 46.Kg1 Qe4 47.Ng3 Qc6 48.Nf5  1-0

[Event "IM"]
[Site "Panevezys LTU"]
[Date "2008.08.12"]
[Round "1"]
[White "Zozulia,A"]
[Black "Bucinskas,V"]
[Result "1-0"]
[WhiteElo "2346"]
[BlackElo "2341"]

1.e4 c5 2.Nf3 e6 3.d4 cxd4 4.Nxd4 a6 5.Nc3 Qc7 6.Bd3 Nf6 7.O-O Nc6 8.Nb3 b5
9.a3 Be7 10.f4 d6 11.Qf3 Bb7 12.Qh3 h5 13.Bd2 O-O-O 14.Nd5 Qb8 15.Na5 Kd7
16.Nxb7 Qxb7 17.a4 Ng4 18.axb5 axb5 19.Nxe7 Kxe7 20.Kh1 Qb6 21.Qh4+ Kf8 22.h3 Kg8
23.Qe1 Rb8 24.Ra3 e5 25.Be2 Nd4 26.Bd1 exf4 27.Bxf4 Ne6 28.Be3 Nxe3 29.Rxe3 Rh6
30.Ref3 Rb7 31.c3 b4 32.Bc2 bxc3 33.bxc3 h4 34.Qa1 Qa7 35.Qd1 Qa2 36.R3f2 Qa3
37.Qd5 Rc7 38.Bb3 Rxc3 39.Bc4 Rxh3+ 40.gxh3 Qxh3+ 41.Rh2 Qc3 42.Qd3 Qe5 43.Rf5 Qa1+
44.Qf1 Qd4 45.Bd3 Kh7 46.Rxf7 Rh5 47.Rf5 Rh6 48.Qe1 Nc7 49.Rxh4 Nd5 50.Rxh6+ gxh6
51.Rxd5  1-0

[Event "IM"]
[Site "Panevezys LTU"]
[Date "2008.08.12"]
[Round "1"]
[White "Zapolskis,A"]
[Black "Sharevich,A"]
[Result "1-0"]
[WhiteElo "2351"]
[BlackElo "2318"]

1.e4 c5 2.Nf3 e6 3.d4 cxd4 4.Nxd4 a6 5.Nc3 b5 6.Bd3 Qb6 7.Nb3 Qc7 8.O-O Bb7
9.Be3 Nf6 10.a3 d6 11.f4 Nbd7 12.Qe2 Be7 13.Rae1 O-O 14.Bd2 Rfe8 15.e5 Nd5
16.f5 Nxe5 17.fxe6 fxe6 18.Qh5 Nxd3 19.cxd3 Nf6 20.Qh3 e5 21.Rc1 Qd8 22.Ne4 Bxe4
23.dxe4 Qd7 24.Qd3 Rac8 25.Bb4 Qa7+ 26.Kh1 Rxc1 27.Rxc1 d5 28.Bxe7 Qxe7 29.exd5 e4
30.Qd4 Qd6 31.Re1 Re5 32.h3 Rxd5 33.Qf2 Rd1 34.Nc1 Rxe1+ 35.Qxe1 Qd4 36.b4 e3
37.Ne2 Qd2 38.Qf1 h5 39.Qf3 Qe1+ 40.Kh2 Qf2 41.Nd4 Kh7 42.Qd1 Qd2 43.Qb1+ Kh8
44.Nf3 Qd6+ 45.Kg1 e2 46.Qe1 Qb6+ 47.Qf2 Qe6 48.Kh2 Qd6+ 49.Qg3 Ne4 50.Qxd6 Nxd6
51.Kg3 Nc4 52.Kf2 Nxa3 53.Nd4 Kg8 54.Kxe2 Kf7 55.Kd3 Kf6 56.Ke4 Nc4 57.Nb3 h4
58.Nd4 g5 59.Nb3 Kg6 60.Nd4 Kf6 61.Nb3 Nd6+ 62.Kd5 Nf5 63.Ke4 Nd6+ 64.Kd5 Nc4
65.Ke4 Kg6 66.Nd4 Kh5 67.Nb3 g4 68.Kf4 g3 69.Nd4 Nb2 70.Ke4 Nd1 71.Ne6 Nc3+
72.Kd4 Na2 73.Kc5 Kg6 74.Nd4 Kg5 75.Nf3+ Kh5 76.Nd4 Nc1 77.Nc2 Nd3+ 78.Kb6 Nf4
79.Ne1 Nd5+ 80.Kxa6 Nxb4+ 81.Kxb5 Nd5 82.Kc5 Nf4 83.Kd4 Ne2+ 84.Ke3 Nc3 85.Kf4 Nd5+
86.Ke5 Ne3 87.Ke4 Nc4 88.Kf4 Nb6 89.Nc2 Nd5+ 90.Ke5 Nc3 91.Kf5 Nd1 92.Kf6 Nf2
93.Nd4 Ne4+ 94.Ke5 Nf2 95.Kf5 Nd1 96.Kf4 Nf2 97.Nf3 Nd3+ 98.Kf5 Nf2 99.Ne5 Nd1
100.Nc4 Nf2 101.Ne3 Kh6 102.Kf4 Kh5 103.Kf5 Kh6 104.Nd5 Kh5 105.Nf4+ Kh6
106.Kf6 Ne4+ 107.Ke5  1-0

[Event "Open A"]
[Site "Vladimir RUS"]
[Date "2008.08.13"]
[Round "2"]
[White "Andreev,Ed UKR"]
[Black "Orlov,O2"]
[Result "1/2-1/2"]
[WhiteElo "2455"]
[BlackElo "2315"]

1.e4 c5 2.Nf3 e6 3.d4 cxd4 4.Nxd4 a6 5.Nc3 b5 6.Be2 Bb7 7.Bf3 Qc7 8.O-O d6
9.a4 bxa4 10.Rxa4 Nd7 11.Nb3 Ngf6 12.Re1 Bc6 13.Ra1 Ne5 14.Na5  1/2-1/2

[Event "IM"]
[Site "Panevezys LTU"]
[Date "2008.08.14"]
[Round "4"]
[White "Zapolskis,A"]
[Black "Ciuksyte,D"]
[Result "0-1"]
[WhiteElo "2351"]
[BlackElo "2363"]

1.e4 c5 2.Nf3 e6 3.d4 cxd4 4.Nxd4 a6 5.Nc3 Qc7 6.g3 Bb4 7.Bd2 Nf6 8.Bg2 Nc6
9.Nxc6 bxc6 10.O-O a5 11.e5 Qxe5 12.Bf4 Qh5 13.Bf3 Qf5 14.Re1 h6 15.Re5 Qg6
16.Na4 O-O 17.Nb6 Rb8 18.Nxc8 Rfxc8 19.Re3 Rb5 20.c4 Rf5 21.Bd6 Bxd6 22.Qxd6 e5
23.Rd1 Re8 24.Bg2 Re6 25.Qb8+ Re8 26.Qc7 Rxf2 27.Kxf2 Qc2+ 28.Ke1 Qxg2 29.Rxe5 Qg1+
30.Ke2 Qxh2+ 31.Kf3 Re6 32.Rxe6 fxe6 33.Qxa5 Qxb2 34.Qd2 Qe5 35.Re1 Qc5 36.Qd3 e5
37.Kg2 e4 38.Qb3 d5 39.cxd5 cxd5 40.a4 Kh7 41.Ra1 Ng4 42.Kh3 Ne3 43.a5 d4
44.g4 h5 45.Qe6 hxg4+ 46.Kh4 Nf5+ 47.Kxg4 Nh6+ 48.Kf4 e3 49.a6 g5+ 50.Ke4 Qc2+
51.Ke5 d3 52.Rh1 Qb2+ 53.Kd6 Qb6+ 54.Ke7 Qc7+ 55.Kf8 Qd8+  0-1

[Event "IM"]
[Site "Panevezys LTU"]
[Date "2008.08.15"]
[Round "5"]
[White "Zapolskis,A"]
[Black "Bucinskas,V"]
[Result "1-0"]
[WhiteElo "2351"]
[BlackElo "2341"]

1.e4 c5 2.Nf3 e6 3.d4 cxd4 4.Nxd4 a6 5.Nc3 Qc7 6.g3 Nf6 7.Bg2 Nc6 8.Nb3 Be7
9.O-O O-O 10.f4 d5 11.e5 Qb6+ 12.Kh1 Nd7 13.Ne2 a5 14.a4 f6 15.exf6 Nxf6
16.Nbd4 Bd7 17.c3 Rae8 18.Be3 Bc5 19.Bg1 Re7 20.b4 axb4 21.cxb4 Nxb4 22.Rc1 Rc8
23.Rxc5 Qxc5 24.Nf5 exf5 25.Bxc5 Rxc5 26.Qd4 Na6 27.Ng1 Bc6 28.Qb2 Ne4 29.Nf3 Bxa4
30.Nd4 g6 31.Bxe4 Rxe4 32.Ra1 b5 33.Nf3 Rc6 34.Ng5 Re7 35.Rc1 Nb8 36.Rxc6 Nxc6
37.Qa2 Rd7 38.Kg2 h6 39.Ne6 Ne7 40.Qb2 Kf7 41.Nd4 Rc7 42.Qa3 Rc4 43.Nf3 Rc2+
44.Kh3 Ke8 45.Ne5 g5 46.fxg5 hxg5 47.Qd6 b4 48.Qb8+ Rc8 49.Qxb4 Ra8 50.Qd6 Bb5
51.Kg2 Ra2+ 52.Kg1  1-0

[Event "IM"]
[Site "Panevezys LTU"]
[Date "2008.08.15"]
[Round "6"]
[White "Bucinskas,V"]
[Black "Sharevich,A"]
[Result "1/2-1/2"]
[WhiteElo "2341"]
[BlackElo "2318"]

1.e4 c5 2.Nf3 e6 3.d4 cxd4 4.Nxd4 a6 5.Nc3 b5 6.Bd3 Qb6 7.Nf3 Qc7 8.O-O Bb7
9.Re1 d6 10.a4 b4 11.Na2 d5 12.c3 dxe4 13.Bxe4 Bxe4 14.Rxe4 Nf6 15.Bf4 Qb7
16.Rc4 Nc6 17.Nxb4 Nxb4 18.cxb4 Bxb4 19.Rxb4 Qxb4 20.Bd6 Qb7 21.Ba3 Nd5 22.a5 f6
23.Nd2 Kf7 24.Ne4 Rhd8 25.Nd6+ Rxd6 26.Bxd6 Rd8 27.Bc5 Qxb2 28.Rb1 Nf4 29.Qf1 Ne2+
30.Kh1 Qc2 31.h3 Rd7 32.Bb6 Nc3 33.Re1 Qd3 34.Qg1 e5 35.Kh2 Qb5 36.Ra1 Rd3
37.Qc1 e4 38.Qc2 Qe5+ 39.Kh1 Nd5 40.Re1 Qc3 41.Qe2 Qe5 42.Qa2 Kg6 43.Qc4 Nxb6
44.axb6 Qd4 45.Qc6 Qxf2 46.Qxe4+ Qf5 47.Qc6 Qd5 48.Qc8 Rg3 49.Rg1 f5 50.Kh2 Rb3
51.Qxa6 Qd6+ 52.Kh1 Qxb6 53.Qa2 Qb7 54.Kh2 Qb8+ 55.Kh1 Qb7 56.Kh2 Qc7+ 57.Kh1 Qb7
58.Kh2 Qc7+  1/2-1/2

[Event "Open A"]
[Site "Vladimir RUS"]
[Date "2008.08.15"]
[Round "4"]
[White "Demchenko,A"]
[Black "Orlov,O2"]
[Result "1-0"]
[WhiteElo "2495"]
[BlackElo "2315"]

1.e4 c5 2.Nf3 e6 3.d4 cxd4 4.Nxd4 a6 5.Nc3 b5 6.a3 Qc7 7.Bd3 Nc6 8.Be3 Nf6
9.Qe2 Bb7 10.O-O Be7 11.f4 d6 12.Nf3 O-O 13.Kh1 Ng4 14.Bg1 Bf6 15.Qe1 Rac8
16.h3 Bxc3 17.Qxc3 Nf6 18.Qe1 e5 19.Qh4 Ne7 20.fxe5 dxe5 21.Bh2 Ng6 22.Qe1 Rfe8
23.a4 Qc6 24.axb5 axb5 25.Nd2 Ra8 26.Qe2 Red8 27.Qf2 h6 28.Qf3 Qc5 29.Qe2 Qd4
30.Rab1 Qb4 31.Bg3 Ra2 32.Kh2 Rxb2 33.Rxb2 Qxb2 34.Rb1 Qa2 35.Rxb5 Ba6 36.Rb3 Qxc2
37.Bxc2 Bxe2 38.Be1 Nf4 39.Re3 Bd3 40.Bb3 Ba6 41.Rc3 Rc8 42.Rxc8+ Bxc8 43.Bg3 N6h5
44.Bf2 Be6 45.Bc2 g6 46.Be3 Kg7 47.Nf3 Kf6 48.Bb6 Ke7 49.Nxe5 Nf6 50.Be3 g5
51.Bc5+ Ke8 52.Ba4+ Kd8 53.Bc2 Nd7 54.Bd6 Nxe5 55.Bxe5 Ke7 56.Bg7 h5 57.Bh6 Kf6
58.h4 Ng6 59.Bxg5+ Ke5 60.Kg3 Bd7 61.Bd1 Kxe4 62.Bxh5 Ba4 63.Bf6 Kf5 64.Bg7 Ke6
65.Be2 Ne7 66.Bc4+ Kd7 67.Kf4 Ke8 68.Bd3 Bd7 69.h5 f5 70.Bc4 Bc6 71.h6 Be4
72.g3 Bd5 73.Bxd5 Nxd5+ 74.Ke5 Ne7 75.h7 Kf7 76.h8=Q Ng6+ 77.Kxf5  1-0

[Event "Acropolis Open"]
[Site "Athens GRE"]
[Date "2008.08.17"]
[Round "9"]
[White "Secer,A"]
[Black "Aloma Vidal,R"]
[Result "1-0"]
[WhiteElo "2320"]
[BlackElo "2388"]

1.e4 c5 2.Nf3 e6 3.d4 cxd4 4.Nxd4 a6 5.Nc3 b5 6.Bd3 Qb6 7.Nf3 Nc6 8.O-O Qb8
9.Qe2 Bd6 10.Re1 Ne5 11.Nxe5 Bxe5 12.g3 Ne7 13.f4 Bd4+ 14.Be3 Nc6 15.Bxd4 Nxd4
16.Qe3 Qa7 17.Kf2 Bb7 18.e5 Ke7 19.Ne4 Rhc8 20.c3 Bxe4 21.Bxe4 Nc6 22.Rad1 Qxe3+
23.Rxe3 Ra7 24.h4 h6 25.Red3 Na5 26.b3 h5 27.Bf3 g6 28.Ke2 Rcc7 29.Kd2 Rc8
30.Kc2 Rac7 31.Kb2 Ke8 32.R1d2 Rc5 33.Re3 d5 34.exd6 Kd7 35.Rd4 Nc6 36.Bxc6+ R8xc6
37.Red3 f6 38.a4 e5 39.axb5 axb5 40.fxe5 fxe5 41.Rd5 e4 42.R3d4 Rxc3 43.Rxe4 Rc2+
44.Ka3 Rxd6 45.Red4 Rxd5 46.Rxd5+ Kc6 47.Rg5 Rc3 48.Rxg6+ Kc5 49.Rg5+ Kc6
50.Kb4 Re3 51.Rc5+ Kd6 52.Rxb5 Rxg3 53.Rxh5 Rg4+ 54.Kb5 Re4 55.b4 Rf4 56.Ka5 Kc6
57.b5+ Kb7 58.Rh7+ Kc8 59.h5 Rf5 60.Ka6 Rf1 61.Rh8+ Kc7 62.b6+ Kc6 63.Rc8+ Kd7
64.b7 Ra1+ 65.Kb6 Rb1+ 66.Ka7 Ra1+ 67.Kb8 Rh1 68.Rc4 Rxh5 69.Ka7 Ra5+ 70.Kb6 Ra1
71.Rd4+ Ke7 72.Rb4  1-0

[Event "35th Open"]
[Site "Manresa ESP"]
[Date "2008.08.17"]
[Round "6"]
[White "Fier,A"]
[Black "Guliev,L"]
[Result "0-1"]
[WhiteElo "2558"]
[BlackElo "2436"]

1.e4 c5 2.Nf3 e6 3.d4 cxd4 4.Nxd4 a6 5.Nc3 Qc7 6.Be2 Nf6 7.O-O Nc6 8.Be3 Bb4
9.Na4 Be7 10.Nxc6 bxc6 11.Nb6 Rb8 12.Nxc8 Qxc8 13.Bd4 c5 14.Be5 Rb6 15.Qd3 O-O
16.b3 d5 17.exd5 Nxd5 18.Rfd1 Bf6 19.Bxf6 Nxf6 20.Bf3 h6 21.Rd2 Re8 22.Rad1 e5
23.Qe3 e4 24.Be2 Ng4 25.Bxg4 Qxg4 26.Qxc5 Rg6 27.g3 Kh7 28.Re1 f5 29.f3 Qh3
30.fxe4 Rg5 31.Qf2 fxe4 32.Rde2 Rge5 33.Re3 Qg4 34.Rf1 R8e6 35.Qe2 Qg6 36.Rf4 Qe8
37.Kg2 Qc6 38.Rf2 Ra5 39.c4 Rae5 40.Qc2 Rd6 41.Kg1 a5 42.Qc3 Qc5 43.Kg2 Rd4
44.Rd2 Red5 45.Rxd4 Rxd4 46.a3 Qd6 47.Re2 a4 48.bxa4 Qc5 49.a5 Rxc4 50.Qb3 Qd5
51.h4 e3+ 52.Kh2 Rxh4+  0-1

[Event "IM"]
[Site "Panevezys LTU"]
[Date "2008.08.17"]
[Round "8"]
[White "Zozulia,A"]
[Black "Sharevich,A"]
[Result "0-1"]
[WhiteElo "2346"]
[BlackElo "2318"]

1.e4 c5 2.Nf3 e6 3.d4 cxd4 4.Nxd4 a6 5.Nc3 b5 6.Bd3 Qb6 7.Be3 Bc5 8.Be2 Nc6
9.Nxc6 dxc6 10.Bxc5 Qxc5 11.Qd3 Nf6 12.O-O-O O-O 13.f4 e5 14.f5 a5 15.g4 a4
16.g5 Nd7 17.a3 b4 18.Na2 Ba6 19.Qxd7 Bxe2 20.Rd2 bxa3 21.Qd6 axb2+ 22.Kxb2 a3+
23.Ka1 Qxd6 24.Rxd6 Bf3 25.Re1 Rfd8 26.Rd3 Rxd3 27.cxd3 f6 28.gxf6 gxf6 29.Nb4 c5
30.Nd5 Ra6 31.Ka2 Kg7 32.Nc7 Ra5 33.Ne6+ Kh6 34.Rc1 Be2 35.Nxc5 Kg5 36.Ne6+ Kg4
37.Rc3 Kf3 38.Nf8 Ra7 39.Ne6 Ke3 40.d4+ Kxe4 41.dxe5 fxe5 42.Rc5 Bg4 43.Nd8 Bxf5
44.Nc6 Rc7 45.Kxa3 Kf4 46.Rc1 e4 47.Rf1+ Ke3 48.Nb4 Be6 49.Re1+ Kf3 50.Kb2 Rc4
51.Nc2 Kf2 52.Ra1 Bf5 53.Ra5 Bg6 54.Re5 Rc8 55.h4 Kg3 56.h5 Kf4 57.Re7 Bxh5
58.Rxh7 Bf3 59.Rf7+ Kg3 60.Nd4 Kf2 61.Rf6 Ke3 62.Nc2+ Kf2 63.Nd4 Rc4 64.Nf5 e3
65.Nxe3 Kxe3 66.Re6+ Be4 67.Kb3 Rc1 68.Rh6 Kd4 69.Rd6+ Bd5+ 70.Kb2 Rc8 71.Rd7 Rh8
72.Ra7 Rh2+ 73.Kc1 Bc4 74.Ra3 Bd3 75.Ra8 Kc3 76.Rc8+ Bc4 77.Rd8 Ra2 78.Kb1 Ra7
79.Rc8 Rh7  0-1

[Event "5th DA Tan Malaysian Open"]
[Site "Kuala Lumpur MAS"]
[Date "2008.08.18"]
[Round "1"]
[White "Sano,T"]
[Black "Laylo,D"]
[Result "0-1"]
[WhiteElo "2102"]
[BlackElo "2504"]

1.e4 c5 2.Nf3 e6 3.d4 cxd4 4.Nxd4 a6 5.Nc3 Qc7 6.Bd3 b5 7.O-O Bb7 8.a4 b4
9.Na2 Nf6 10.Qe2 Bd6 11.h3 Nc6 12.Nxc6 Bxc6 13.Re1 Bc5 14.Bd2 a5 15.b3 d5
16.exd5 Nxd5 17.c3 Qb6 18.cxb4 axb4 19.Rac1 O-O 20.Rc4 Be7 21.Bb1 Rfd8 22.Rd1 Bb7
23.Be1 g6 24.Qc2 Rac8 25.Rc1 Nf4 26.Rxf4 Rxc2 27.Bxc2 e5 28.Rg4 h5 29.Rg3 e4
30.Bd1  0-1

[Event "U16 Olympiad"]
[Site "Mersin TUR"]
[Date "2008.08.18"]
[Round "3"]
[White "Sethuraman,S"]
[Black "Durarbeyli,V"]
[Result "1-0"]
[WhiteElo "2425"]
[BlackElo "2413"]

1.e4 c5 2.Nf3 e6 3.d4 cxd4 4.Nxd4 a6 5.Nc3 Qc7 6.Bd3 Nc6 7.Nxc6 dxc6 8.f4 e5
9.f5 Bc5 10.Qf3 Nf6 11.g4 h6 12.h4 b5 13.g5 hxg5 14.hxg5 Rxh1+ 15.Qxh1 Nd7
16.Qh8+ Bf8 17.Be3 Bb7 18.Qg8 b4 19.Na4 c5 20.Bc4 O-O-O 21.Qxf7 Qc6 22.O-O-O Kc7
23.b3 Qxe4 24.Rd3 Bc6 25.Nxc5 Bxc5 26.Bxc5 Qe1+ 27.Kb2 e4 28.Qe7 a5 29.Qd6+ Kb7
30.Ba6+  1-0

[Event "5th DA Tan Malaysian Open"]
[Site "Kuala Lumpur MAS"]
[Date "2008.08.20"]
[Round "6"]
[White "Stojic,D"]
[Black "Wang Li"]
[Result "0-1"]
[WhiteElo "2168"]
[BlackElo "2392"]

1.e4 c5 2.Nf3 e6 3.d4 cxd4 4.Nxd4 a6 5.Nc3 b5 6.Bd3 Qb6 7.Nf3 Qc7 8.O-O Bb7
9.Re1 Bc5 10.e5 f5 11.Nh4 Ne7 12.Qh5+ g6 13.Qe2 O-O 14.Nf3 Nbc6 15.Bh6 Rfe8
16.Qd2 Nd8 17.Ng5 Nf7 18.Nxf7 Kxf7 19.Qf4 Ng8 20.Ne4 Bxe4 21.Bxe4 Rac8 22.Bd3 d6
23.exd6 Bxd6 24.Qh4 Bxh2+ 25.Qxh2 Qxh2+ 26.Kxh2 Nxh6 27.a4 Rb8 28.axb5 axb5
29.f3 Rb6 30.b4 Kf6 31.Ra7 Nf7 32.Rea1 h6 33.Rc7 Re7 34.Rxe7 Kxe7 35.Ra7+ Kf6
36.f4 e5 37.Ra5 exf4 38.Rxb5 Rxb5 39.Bxb5 Nd6 40.Bc6 Ke5 41.b5 Nc4 42.Kg1 g5
43.Kf2 Kd6 44.Be8 Kc5 45.Bd7 Nd6 46.Kf1 Nxb5 47.Bxf5 Nd4 48.Be4 Kc4 49.Kf2 g4
50.g3 f3 51.Bg6 Nc6 52.Bf5 Ne5 53.Be6+ Kd4 54.Bf5 h5 55.Be6 Nc4 56.Ke1 Nd6
57.Bd7 Ke3 58.Bc6 Nf5  0-1

[Event "ch-SLO w"]
[Site "Ljubljana SLO"]
[Date "2008.08.20"]
[Round "5"]
[White "Hrenic,M"]
[Black "Nadvesnik,V"]
[Result "1-0"]
[WhiteElo "2015"]
[BlackElo "1939"]

1.e4 c5 2.Nf3 e6 3.d4 cxd4 4.Nxd4 a6 5.Nc3 Qc7 6.Be2 Nc6 7.O-O Nf6 8.Nxc6 Qxc6
9.Bf3 e5 10.Bg5 d6 11.Bxf6 gxf6 12.Nd5 Be7 13.Bg4 Be6 14.c4 Rg8 15.Bxe6 fxe6
16.Qh5+ Kd7 17.Nxe7 Kxe7 18.Qxh7+ Kf8 19.Rae1 Rc8 20.Re3 Rc7 21.Qh6+ Kf7
22.Rg3 Qxe4 23.Rxg8 Kxg8 24.Qxf6 Rg7 25.Qxe6+ Kh7 26.g3 Qc2 27.Qxd6 Qxb2
28.Qd3+ Kg8 29.Rd1 Rf7 30.Rd2 Qc1+ 31.Rd1 Qh6 32.Qd5 Qh5 33.Re1 Qf5 34.Re2 Qb1+
35.Kg2 Qf5 36.Qxe5 Qf3+ 37.Kg1  1-0

[Event "U16 Olympiad"]
[Site "Mersin TUR"]
[Date "2008.08.20"]
[Round "5"]
[White "Ererdem,G"]
[Black "Rigopoulos Tsigkos,A"]
[Result "1/2-1/2"]
[WhiteElo "1836"]
[BlackElo "2018"]

1.e4 c5 2.Nf3 e6 3.d4 cxd4 4.Nxd4 a6 5.Nc3 b5 6.Bd3 Qb6 7.Nb3 Qc7 8.O-O Bb7
9.f4 d6 10.a3 Nd7 11.Qe2 Ngf6 12.Bd2 Be7 13.Rae1 h5 14.Nd1 Rc8 15.Nf2 g6
16.e5 Qc6 17.Nh3 dxe5 18.fxe5 Nxe5 19.Kh1 Nxd3 20.cxd3 O-O 21.Na5 Qd7 22.Nxb7 Qxb7
23.Rf3 Ng4 24.Bc3 b4 25.axb4 Bxb4 26.Bxb4 Qxb4 27.Nf4 Rc2 28.Qf1 Rfc8 29.h3 Qxe1
30.Qxe1 Rc1 31.Rf1 Rxe1 32.Rxe1 Nf6 33.Ra1 g5 34.Ne2 Rc2 35.Nd4 Rxb2 36.Rxa6 Rd2
37.Ra3 g4 38.Kh2 Kg7 39.Kg3 Kg6 40.Nc6 h4+ 41.Kxh4 Rxg2 42.hxg4 Rxg4+ 43.Kh3 Rg5
44.d4 Rh5+ 45.Kg2 Rg5+ 46.Kh3 Ng4 47.Rf3 f5 48.Nb4 Rh5+ 49.Kg3 Nf6 50.Nd3 Ne4+
51.Kf4 Kf6 52.Ke3 Ng5 53.Rg3 Rh3 54.Rxh3 Nxh3 55.Nc5 f4+ 56.Ke4 Ke7 57.Nd3 Kf6
58.Nxf4 Ng5+ 59.Ke3 Kf5 60.Nxe6  1/2-1/2

[Event "XIII Konik Morski Open A"]
[Site "Rewal POL"]
[Date "2008.08.20"]
[Round "1"]
[White "Zhigalko,A"]
[Black "Palosz,A"]
[Result "1-0"]
[WhiteElo "2551"]
[BlackElo "2148"]

1.e4 c5 2.Nf3 e6 3.d4 cxd4 4.Nxd4 a6 5.Nc3 Qc7 6.Bd3 Nf6 7.O-O Be7 8.f4 d6
9.Be3 O-O 10.g4 Nc6 11.g5 Nd7 12.h4 b5 13.a3 Nxd4 14.Bxd4 Bb7 15.Qf3 e5 16.Be3 exf4
17.Bxf4 Ne5 18.Qg3 f6 19.Be2 d5 20.exd5 Bc5+ 21.Kh2 Bd6 22.Kh1 fxg5 23.hxg5 Rae8
24.Rad1 Rxf4 25.Qxf4 Nc4 26.Qh4 Bg3 27.Qh3 Nxb2 28.Bg4 Nxd1 29.Be6+ Kh8 30.g6 h6
31.Nxd1 Qd6 32.Qf5 Be5 33.Qf7 Rd8 34.Qxb7 Qxa3 35.Qf7 Bd6 36.Qf3 Qb4 37.Nf2 Rf8
38.Bf7 Rc8 39.Qe4 Qd2 40.Qe6 Rd8 41.Ng4 Qxc2 42.Re1 Qc5 43.Kg2 Bf8 44.Re2 b4
45.Ne5 Qb5 46.Kf3 b3 47.Bg8 Ra8  1-0

[Event "XIII Konik Morski Open A"]
[Site "Rewal POL"]
[Date "2008.08.20"]
[Round "1"]
[White "Kotermanska,A"]
[Black "Janczarski,M"]
[Result "0-1"]
[WhiteElo "1967"]
[BlackElo "2238"]

1.e4 c5 2.Nf3 e6 3.d4 cxd4 4.Nxd4 a6 5.Nc3 Qc7 6.Bd3 Nf6 7.O-O b5 8.Be3 Bb7
9.f3 b4 10.Nce2 d5 11.exd5 Nxd5 12.Bf2 Bd6 13.Ng3 h5 14.Re1 h4 15.Ngf5 Bxh2+
16.Kh1 Be5 17.Bb5+ Kf8 18.f4 h3 19.Nh4 hxg2+ 20.Kg1 Bxd4 21.Qxd4 axb5 22.Re5 Nd7
23.Rg5 N7f6 24.Bg3 Rxh4 25.Bxh4 Qxf4 26.Qxf4 Nxf4 27.Kh2 Ne2 28.Bf2 Ke7 29.Bc5+ Kd7
30.Rd1+ Kc7 31.Bd6+ Kb6  0-1

[Event "Independence Cup A"]
[Site "Kyiv UKR"]
[Date "2008.08.21"]
[Round "9"]
[White "Bogdanovich,S"]
[Black "Grinev,V"]
[Result "1/2-1/2"]
[WhiteElo "2299"]
[BlackElo "2297"]

1.e4 c5 2.Nf3 e6 3.d4 cxd4 4.Nxd4 a6 5.Nc3 Qc7 6.Be2 Nf6 7.O-O Nc6 8.Be3 Bb4
9.Na4 O-O 10.Nxc6 bxc6 11.Nb6 Rb8 12.Nxc8 Rfxc8 13.Bxa6 Rf8 14.Bd3 Bd6 15.f4 e5
16.f5 Rxb2 17.g4 h6 18.h4 Nd5 19.exd5 e4 20.Bd4 Bc5 21.Bxc5  1/2-1/2